Trang phục cổ truyền của người Dao ở Việt Nam

Giới thiệu sơ lược về người Dao ở Việt Nam. Tiếp cận nền văn hóa dân tộc Dao thông qua nghiên cứu những yếu tố đặc trưng và mối quan hệ về trang phục, trang sức của các nhóm người Dao.

Na minha lista:
Detalhes bibliográficos
Autor principal: Nguyễn Khắc Tụng
Outros Autores: Nguyễn Anh Cường
Formato: Livro
Idioma:Vietnamese
Publicado em: H. Khoa học xã hội 2004
Colecção:Viện KHXH Việt Nam
Assuntos:
Tags: Adicionar Tag
Sem tags, seja o primeiro a adicionar uma tag!
Thư viện lưu trữ: Mạng thư viện Đại học Đà Nẵng
LEADER 01810nam a2200433 4500
001 000006896
003 3056
005 20110927140907.0
008 110922s2004 viesd
020 |c 110000đ 
041 0 |a vie 
082 |a 305.8959  |b NG-T 
100 0 |a Nguyễn Khắc Tụng 
245 0 |a Trang phục cổ truyền của người Dao ở Việt Nam  |c Nguyễn Khắc Tụng, Nguyễn Anh Cường 
260 |a H.  |b Khoa học xã hội  |c 2004 
300 |a 274 tr  |b ảnh  |c 24cm 
490 |a Viện KHXH Việt Nam 
504 |a Thư mục: tr. 269-274 
520 |a Giới thiệu sơ lược về người Dao ở Việt Nam. Tiếp cận nền văn hóa dân tộc Dao thông qua nghiên cứu những yếu tố đặc trưng và mối quan hệ về trang phục, trang sức của các nhóm người Dao. 
653 |a Trang phục 
653 |a Văn hóa 
653 |a Dân tộc học 
653 |a Dân tộc Dao 
653 |a Việt Nam 
653 |a Trang phục cổ truyền 
700 |a Nguyễn Anh Cường 
910 |a Nguyễn Thị Kim Oanh  |d 22/09/2011 
OWN |a LSP 
AVA |a UDN50  |b LNN  |d 305.8959 VU-N  |e available  |t Error 5001 Not defined in file expand_doc_bib_avail.  |f 2  |g 0  |h N  |i 0 
AVA |a UDN50  |b LSP  |d 305.8959 NG-T  |e available  |t Error 5001 Not defined in file expand_doc_bib_avail.  |f 5  |g 0  |h N  |i 0  |k 1 
999 |a From the UDN01 
AVA |a UDN50  |b LNN  |d 305.8959 VU-N  |e available  |t Error 5001 Not defined in file expand_doc_bib_avail.  |f 2  |g 0  |h N  |i 0 
AVA |a UDN50  |b LSP  |d 305.8959 NG-T  |e available  |t Error 5001 Not defined in file expand_doc_bib_avail.  |f 5  |g 0  |h N  |i 0  |k 1 
TYP |a Monograph 
TYP |a Printed language 
980 |a Mạng thư viện Đại học Đà Nẵng